| 000 | 00796nam a2200205Ii 4500 | ||
|---|---|---|---|
| 003 | JO-AjNU | ||
| 008 | 230605s9999||||xx |||||||||||||| ||und|| | ||
| 017 | _a2003/8/1581 | ||
| 040 |
_aJO-AjNU _bara _erda _cJO-AjNU |
||
| 041 | _aara | ||
| 050 | 1 | 4 | _aDS154.53.M34 2003 |
| 100 | 3 |
_aالمجالي، بكر خازر, _eauthor _949170 |
|
| 245 | 0 | 0 | _aالشريف الحسين ملكا في المنفى |
| 264 | 3 | 1 | _aعمان: وزارة الثقافة، 2003 |
| 300 |
_a400ص _b صور توضيحية |
||
| 336 |
_atext _btxt _2rdacontent |
||
| 337 |
_aunmediated _bn _2rdamedia |
||
| 338 |
_avolume _bnc _2rdacarrier |
||
| 650 | 4 |
_aالهاشميون - الحكم العثماني 1517-1920- الثورة العربية الكبرى- تاريخ الاردن- التاربخ العربي _949171 |
|
| 999 |
_aA21580 _c25148 _d25148 |
||